000 00435nam a2200181Ia 4500
001 13240
005 20260306163039.0
008 260306t2012||||xx |||||||||||||| ||spa||
041 _aESP
082 _a001.42
_bF58I
100 _aFlick, Uwe
_eAUT
245 0 _aIntroducción a la investigación cualitativa
260 _c2012
300 _a322 páginas :
_c24 cm.
650 _aGEN
654 _aCCC
942 _cLIB
_dJUS
_fJUS
_2ddc
_n
999 _c13240
_d13240